| 000 | 00533nam a2200169 4500 | ||
|---|---|---|---|
| 001 | 106898 | ||
| 003 | ES-MaACL | ||
| 005 | 20230906184313.0 | ||
| 007 | t| | ||
| 008 | 061121s1919 sp r ||||1| spa d | ||
| 100 | 1 |
_aMoreno Molina, Juan. _983404 |
|
| 245 | 1 | 0 |
_aVerdad y realidades _b: ante la avalancha / _cpor Juan sin Tierra [seud.] ; prólogo de Julio Senador Gómez. |
| 260 |
_aMálaga : _bEnrique de Montes, _c[1919] |
||
| 300 |
_a211 p. ; _c19 cm. |
||
| 700 | 1 |
_aGómez, Julio Senador. _957780 |
|
| 852 |
_aES-MaACL _jG-3396 |
||
| 999 |
_c106898 _d106898 |
||